| 000 | 01375nam a2200265Ia 4500 | ||
|---|---|---|---|
| 003 | Ost | ||
| 005 | 20260507075429.0 | ||
| 008 | 260507s9999||||xx |||||||||||||| ||und|| | ||
| 020 | _a995706309x | ||
| 040 | _cfsecg | ||
| 041 | _aara | ||
| 082 | _a375.001 | ||
| 100 |
_aالهاشمي، عبد الرحمن _eمؤلف |
||
| 245 | 0 |
_aالمنهج و الاقتصاد المعرفي / _c عبد الرحمن الهاشمي |
|
| 260 |
_aعمان: _bدار المسيرة, _c2007 |
||
| 300 |
_a319 صفحة؛ _bإيضاحات ؛ _c25 سم |
||
| 504 | _aببليوغرافيا: ص.305-319 | ||
| 520 | _aالاقتصاد المعرفي ماهية سماته فوائده، المنهج مداخله ومبادئه وقضاياه، علاقة المنهج بالفلسفة والثقافة، علاقة المنهج بالمجتمع، علاقة المنهج بعلم النفس، المنهج والاقتصاد المعرفي، التطوير في ظل الاقتصاد المعرفي، مدرسة المستقبل في ضوء الفكر الحديث، المعلوماتية والاقتصاد المعرفي، الحاسوب والتعليم | ||
| 653 | _aالاقتصاد | ||
| 653 | _aالتعليم | ||
| 653 | _aالمعرفة | ||
| 653 | _aالمناهج-تطوير | ||
| 653 | _aنظم المعلومات- المؤسسة الممتدة | ||
| 942 | _cكتاب | ||
| 999 |
_c44503 _d44503 |
||